Fotochimija polimerizacionnosposobnych oligomerov /

Salvato in:
Dettagli Bibliografici
Autori principali: Masljuk, Anatolij Fedorovič (Autore), Chranovskij, Vasilij Afanasjevič (Autore)
Natura: Libro
Pubblicazione: Kijev : Naukova dumka, 1989
Tags: Aggiungi Tag
Nessun Tag, puoi essere il primo ad aggiungerne!!

MARC

LEADER 00000nam a22000003a 4500
001 stu14741
005 20150617225757.3
008 ------s1989----xxr---------------------d
040 |a STU  |b slo 
041 0
044 |a xxr 
080 |a 541.664  |7 stu_us_auth*stu5635 
100 1 |a Masljuk, Anatolij Fedorovič  |4 aut 
245 1 |a Fotochimija polimerizacionnosposobnych oligomerov /  |c [aut.]Masljuk,Anatolij Fedorovič, Chranovskij,Vasilij Afanasjevič 
260 |a Kijev :  |b Naukova dumka,  |c 1989 
300 |a 191 s :  |b Tab.,grafy,lit 
700 1 |a Chranovskij, Vasilij Afanasjevič  |4 aut 
996 |b C84147  |c C*84147  |l CCXXIVB  |s P  |a 0  |w stu14741_0001